MARC

LEADER 00000nam0a2200000 4500
001 247629
005 20231101232320.0
035 |a (RuTPU)RU\TPU\book\269200 
090 |a 247629 
100 |a 20140111d1969 km y0rusy50 ca 
101 0 |a rus 
102 |a RU 
105 |a a z 001zy 
200 1 |a Теория турбулентных струй и следов. Интегральные методы расчета  |f А. С. Гиневский 
210 |a Москва  |c Машиностроение  |d 1969 
215 |a 400 с.  |c ил. 
320 |a Библиогр.: с. 389-398. 
606 1 |a Турбулентных струй теория  |2 stltpush  |3 (RuTPU)RU\TPU\subj\59507  |9 77023 
610 1 |a несжимаемые жидкости 
610 1 |a турбулентные течения 
610 1 |a следы 
610 1 |a расчет 
610 1 |a приближенные методы 
610 1 |a оценка 
610 1 |a эксперименты 
610 1 |a данные 
610 1 |a сравнение 
610 1 |a газ 
610 1 |a состав 
610 1 |a струи 
675 |a 532.51  |v 3 
700 1 |a Гиневский  |b А. С.  |g Арон Семенович 
801 1 |a RU  |b 63413507  |c 20140111 
801 2 |a RU  |b 63413507  |c 20140619  |g RCR 
942 |c BK